4 Most Famous Cities in Burundi on a Map - Statistics

General Stats
  • This quiz has been taken 108 times
  • The average score is 2 of 4
Answers on the Map
Answers color-coded by a green-red scale on the quiz's map according to % correct below.
 
Answer Stats
Wiki Monthly Views Cityquiz Mention Rate Population Answers % Correct
21.72K 15.53% 497.17K Bujumbura
97%
9.79K 15.20% 41.94K Gitega
95%
0.74K 0.46% 39.88K Ngozi
31%
0.49K 0.47% 9.61K Muyinga
22%
No matching quizzes found
Score Distribution
Percent of People with Each Score
Percentile by Number Answered
Your Score History
You have not taken this quiz